| 000 | 00733nam a2200253Ia 4500 | ||
|---|---|---|---|
| 003 | OSt | ||
| 005 | 20221007100655.0 | ||
| 006 | a|||||r|||| 00| 0 | ||
| 007 | ta | ||
| 008 | 221006b |||||||| |||| 00| 0 eng d | ||
| 024 | _a4,877 | ||
| 037 | _cTextual | ||
| 040 |
_aLCO _cLCO _beng |
||
| 041 |
_2eng _aeng |
||
| 082 | _aX65:546, M5 | ||
| 100 | _aRao M.B. | ||
| 245 | 0 |
_aForeign Collaboration Agreements _b Some Issues |
|
| 260 |
_aNew _bDelhi Taxation India _c1985 |
||
| 300 | _a248+xv | ||
| 500 | _aAn Intensive Study of Income-Tax , Foreign Exchange & Other Related Problems | ||
| 650 |
_aFOREIGN COLLABORATION _9701958 |
||
| 942 |
_hX65:546, M5 _cTEXL |
||
| 999 |
_c1174440 _d1174440 |
||